| 000 | 00594nam a2200217Ia 4500 | ||
|---|---|---|---|
| 999 |
_c4765 _d4765 |
||
| 003 | 0100 | ||
| 008 | 130227s9999 xx 000 0 und d | ||
| 040 | _cARRUPELIB | ||
| 050 | _aBX2435.M58 1981 | ||
| 100 |
_aMoloney, Francis J. _97198 |
||
| 245 |
_aDisciples and prophets _ba biblical model for the religious life _cFrancis J. Moloney |
||
| 260 | _aNew York | ||
| 260 | _bCrossroad | ||
| 260 | _c1981 | ||
| 300 | _axiii, | ||
| 300 | _b 225p. 22cm. | ||
| 650 |
_bMonastic life _933621 |
||
| 650 |
_bReligious life _95701 |
||
| 650 |
_bBible _xCritisicm _950074 |
||
| 942 |
_2lcc _cMONOGRAPH |
||